Statistics for Emoji Quiz-Food and Drink

Click here to take the quiz!

General Stats

  • This quiz has been taken 476 times
  • The average score is 24 of 67

Answer Stats

EmojiMeaning% Correct
๐ŸPear
94%
๐Ÿ‰Watermelon
90%
๐ŸŒBanana
89%
๐ŸGreen apple
89%
๐ŸŽRed apple
89%
๐Ÿ“Strawberry
88%
๐Ÿ‹Lemon
87%
๐Ÿ‡Grapes
85%
๐Ÿ…Tomato
82%
๐Ÿ‘Peach
81%
๐ŸPineapple
81%
๐Ÿ†Eggplant
80%
๐Ÿ’Cherries
77%
๐ŸžBread
70%
๐ŸจIce cream
68%
๐Ÿ•Pizza
66%
๐ŸฃSushi
61%
๐ŸŒฎTaco
60%
๐ŸŒญHot dog
58%
๐ŸชCookie
56%
๐ŸŸFrench fries
48%
๐ŸญLollipop
48%
๐Ÿ”Hamburger
47%
๐ŸSpaghetti
47%
๐ŸˆMelon
46%
๐ŸŒฏBurrito
45%
๐ŸŠTangerine
44%
๐ŸฌCandy
43%
๐ŸฟPopcorn
42%
๐ŸซChocolate bar
39%
๐Ÿ Roasted sweet potato
36%
๐ŸŽ‚Birthday cake
34%
๐ŸฉDoughnut
34%
๐ŸฑBento box
19%
๐ŸผBaby bottle
18%
๐ŸฏHoney pot
17%
๐ŸŒถHot pepper
15%
๐ŸดFork and knife
14%
๐ŸคFried shrimp
13%
๐Ÿ™Rice ball
13%
๐ŸŒฝEar of corn
12%
๐ŸทWine glass
12%
๐ŸบBeer mug
8%
๐Ÿง€Cheese wedge
8%
๐Ÿ›Curry rice
7%
๐ŸฎCustard
7%
๐ŸกDango
7%
๐ŸถSake
7%
๐ŸงShaved ice
7%
๐ŸธCocktail glass
6%
๐ŸšCooked rice
5%
๐ŸณCooking
5%
๐ŸฅFish cake with swirl
5%
๐Ÿ–Meat on bone
5%
๐Ÿ˜Rice cracker
5%
๐ŸฐShortcake
5%
๐ŸฆSoft ice cream
5%
๐ŸฝFork and knife with plate
4%
โ˜•๏ธHot beverage
4%
๐ŸขOden
4%
๐ŸฒPot of food
4%
๐Ÿ—Poultry leg
4%
๐ŸœSteaming bowl
4%
๐ŸพBottle with popping cork
3%
๐ŸปClinking beer mugs
3%
๐ŸตTeacup without handle
3%
๐ŸนTropical drink
3%

Score Distribution

Percentile by Number Answered

Percent of People with Each Score

Your Score History

You have not taken this quiz